000 00731nam a2200253Ia 4500
003 GCL
005 20240530101836.0
008 140319s9999 xx 000 0 ara d
020 _a9051123977
040 _aGCL /
_cGCL
082 0 4 _aق
_b328.30962
_bم ب
100 1 _aمحمد الطويل
245 1 0 _a0000000000000
_cمحمد الطويل
260 _aالقاهرة :
_bمكتبة مدبولى ،
_c1985
300 _a591 ص ؛
_c24 سم
650 0 4 _aالعصر الحديث
650 0 4 _aمصر
650 0 4 _aتاريخ
650 0 4 _aالاحوال السياسية
650 0 4 _aمجلس الشعب
650 0 4 _aالسياسة والحكومة
650 0 4 _aثورة 23 يوليو 1952
942 _2ddc
_cBK
999 _c28118
_d28118